000 00668nam a22002057a 4500
005 20251108164302.0
008 250721s1983 xx 000 0 ara d
082 1 4 _a355.0019/شان
100 1 _aشانديسي، شارل
245 1 0 _aعلم النفس في القوات المسلحة /
264 1 _aبيروت :
_bالمؤسسة العربية للدراسات والنشر،
_c1983.
300 _a152ص
650 1 7 _aعلم النفس العسكري
650 1 7 _aالعلوم العسكرية
650 1 7 _aالفلسفة
650 1 7 _aالنظريات
700 1 _aالأيوبي، محمد ياسر
_eترجمة
942 _2ddc
_cBK
999 _c8356
_d8356